[Event "I Torneo entre Faros"]
[Site "?"]
[Date "2013.10.11"]
[Round "7"]
[White "Rapport, Richard"]
[Black "Salgado, Ivan"]
[Result "1/2-1/2"]
[WhiteElo "2676"]
[BlackElo "2624"]
[Annotator "MF Oscar de Prado"]
[PlyCount "123"]
[SourceDate "2010.01.11"]

1. e4 c6 2. d4 d5 3. Nd2 dxe4 4. Nxe4 Nf6 {
Una linea no muy popular pero preparada por Salgado.} 5. Nxf6+ exf6 (5... gxf6)
6. c3 Bd6 7. Bd3 O-O 8. Qc2 (8. Ne2) 8... Re8+ 9. Ne2 g6 (9... h6) (9... f5) (
9... Kh8) 10. h4 (10. O-O) (10. Be3) (10. Bh6) 10... Be6 (10... Nd7) (10... Bg4
) 11. h5 f5 12. Qd2 $1 {Novedad de Rapport,para jugar esta linea Salgado se
haba fijado en unas partidas de Marc Narciso.} (12. hxg6 fxg6 13. Bh6 Bf7
14. O-O-O Nd7 15. Kb1 b5 16. f3 Qf6 (16... Nf6 17. Qd2 a5 18. Bg5 Ra7 19. d5
Bxd5 20. Bxb5 Rd7 21. c4 Be7 22. cxd5 cxb5 23. Qe3 Bf8 24. Qf2 Bg7 25. Nf4 Ne4
26. fxe4 Qxg5 27. Ne6 Qg4 28. exf5 gxf5 29. Qf3 Qxf3 30. gxf3 Be5 31. f4 Bb8
32. Rh6 Ba7 33. Rd2 Rc8 34. a3 Rc4 35. Rf6 Rc8 36. Rxf5 b4 37. Rg2+ Kh8 38. Rc2
Rg8 39. Ng5 h6 40. Rf7 Rxf7 41. Nxf7+ Kg7 42. Ne5 Bb8 43. axb4 axb4 44. Rc6 h5
45. Rb6 h4 46. Rxb4 Kf6 47. Rb6+ {
1/2-1/2 (47) Lampert,J (2376)-Narciso Dublan,M (2509) Oslo NOR 2013}) 17. Qd2
Nb6 18. b3 a5 19. Bg5 Qg7 20. Bh6 Qf6 21. Bg5 Qg7 22. g4 fxg4 23. fxg4 Bd5 24.
Rhf1 Be4 25. Bf4 Nd5 26. Bxd6 Bxd3+ 27. Qxd3 Re3 28. Qc2 Rxe2 29. Rd2 Re6 30.
Be5 Rxe5 31. dxe5 Ne3 32. Qe4 Nxf1 33. Rd1 Rf8 34. Qe2 Ng3 35. Qe3 Rf1 36. Re1
Rxe1+ 37. Qxe1 Nf1 38. e6 Qe7 39. g5 Nh2 40. Qe2 Nf3 41. Qxf3 Qxe6 42. Qg3 Qe4+
43. Kb2 b4 44. c4 h5 45. gxh6 Kh7 46. Qg5 Qf5 47. Qe3 Qf6+ 48. Kc2 g5 49. Kd1
Kxh6 50. Qh3+ Kg6 51. Qd3+ Qf5 52. Qd6+ Kh5 53. Qxc6 Qb1+ 54. Ke2 Qxa2+ 55. Kf1
Qxb3 56. Qh1+ Kg4 57. Qe4+ Kg3 58. Qe5+ Kh4 59. Qe4+ g4 60. Qe7+ Kh3 61. Qh7+
Kg3 62. Qc7+ Kf3 63. Qc6+ Ke3 64. Qe6+ Kd3 65. Qd5+ Kc3 66. Qxa5 Qd1+ 67. Kf2
Qf3+ 68. Ke1 g3 69. Qa1+ Kxc4 70. Qa2+ Kb5 71. Qe6 Qc3+ 72. Kd1 Qd4+ 73. Ke1 g2
74. Qe8+ Kc4 75. Qg8+ Kc3 76. Qxg2 b3 77. Qf3+ Qd3 78. Qc6+ Kb2 79. Qb6 Kc2 80.
Qf2+ Kb1 81. Qb6 b2 82. Qb4 Ka2 83. Qa5+ Kb3 84. Qb6+ Kc2 85. Qf2+ Kb1 86. Qb6
Qc2 87. Qb4 Qc6 88. Qb3 Qc1+ {
0-1 (88) Burg,T (2479)-Narciso Dublan,M (2536) La Massana AND 2013}) (12. f3
Qf6 13. Bd2 Nd7 14. O-O-O c5 15. d5 Bxd5 16. Nf4 Bxf4 17. Bxf4 Ne5 18. Bb5 Bc6
19. Bxc6 bxc6 20. Qd2 c4 21. Qd4 c5 22. Bxe5 Rxe5 23. Qxc4 f4 24. hxg6 hxg6 25.
Rd5 Qe6 26. Rhd1 Rxd5 27. Qxd5 Qe3+ 28. Qd2 Re8 29. Kc2 Kg7 30. Qxe3 fxe3 31.
Kd3 f5 32. f4 g5 33. g3 gxf4 34. gxf4 Re4 35. Ke2 Rxf4 36. Kxe3 Re4+ 37. Kf3
Kf6 38. Rd5 Re5 39. Rd8 c4 40. b4 cxb3 41. axb3 Rb5 {
1/2-1/2 (41) Karpatchev,A (2431)-Prie,E (2510) Condom 2012}) 12... Qf6 (12...
Bf8 13. hxg6 fxg6 $13) 13. Qh6 Bf8 (13... Qg7 $5 14. hxg6 fxg6 15. Qh4 (15.
Qxg7+ Kxg7 16. Bh6+ Kg8 17. f3)) 14. Qf4 Nd7 (14... Bd5 $5 15. Qg3 (15. f3 Nd7)
15... Nd7) (14... c5 $5 15. Qg3 cxd4 16. Bg5 Qg7 17. Nxd4) 15. Qg3 (15. Kf1)
15... Bd5 (15... a5 $2 16. Bg5 Qg7 17. h6 $16 Qh8) 16. Bf4 (16. Qh3 Qe7 (16...
Re7)) 16... c5 (16... Be4 17. Bc4 (17. hxg6 fxg6 18. Qh3) 17... Bd5) (16... Bg7
) (16... a6) 17. Bb5 Qb6 (17... Rad8) (17... Qe6) (17... Qe7) 18. hxg6 (18. c4
cxd4 $17) (18. Bxd7 $2 Rxe2+ 19. Kxe2 Qxb2+ $19) 18... fxg6 19. Qd3 Qe6 (19...
Nf6 $5 20. Bxe8 Rxe8 21. O-O Qxb2 22. Be5 c4 $44) (19... Rad8 20. O-O-O $44)
20. Qh3 Re7 (20... Qf7 21. dxc5 Rad8) (20... h5 $5) 21. Bg5 Rf7 (21... Nf6) 22.
O-O-O Bxa2 23. Nf4 Qb6 $2 (23... Qe4 $1 24. Bd3 Qc6 25. d5 Qd6 26. Rhe1 Ne5 $13
) 24. c4 $1 cxd4 (24... a6 25. Bxd7 Bxc4 26. dxc5 Qxc5 27. Qc3) (24... Nf6 25.
Bxf6 Qxf6 26. Qa3 Bd6 27. Nd5 Qg5+ 28. Kc2 a6 29. Qxa2 $16) 25. Nd5 $1 (25.
Bxd7 Bxc4 (25... d3) 26. Ba4 Ba2) 25... Qxb5 $1 {
hay que entregar la dama para seguir luchando} (25... Qc5 $5 26. b4 Qxb5 27.
cxb5 Rc8+ 28. Kb2 Bxd5 $16 29. Rxd4 Nb6 (29... Bc4)) (25... Qd6 26. Bxd7 $18
Qxd7 27. Rxd4) 26. cxb5 Rc8+ 27. Nc3 dxc3 28. bxc3 Nc5 (28... Bb3 29. Rd2 Nc5
$44) 29. Bh6 $2 {tremendo error de Rapport que quizas se confio demasiado}
(29. Rd8 Rxd8 30. Bxd8 Ne4 $16 (30... Bd5 $16)) 29... Ne4 $11 30. Kb2 (30. Bxf8
Rxc3+ 31. Qxc3 Nxc3 32. Rd8 Rxf8 33. Rxf8+ Kxf8 34. Kb2 Nxb5 35. Kxa2 $11)
30... Nxf2 {Sencillo las negras igualan} 31. Qh4 Nxd1+ 32. Rxd1 Bxh6 33. Qxh6 (
33. Kxa2 {era mas seguro para hacer tablas}) 33... Bc4 34. Qh4 Bxb5 35. Rd8+
Rxd8 36. Qxd8+ Kg7 37. Qd4+ Rf6 {
Ahora solo el negro pude ganar si avanza sus peones del flanco de Rey} 38. Qxa7
Bc6 39. g3 g5 {
Salgado se lamentaba de esta jugada crea que era mejor jugar f4} (39... f4
40. gxf4 Rxf4) 40. Qc5 Kg6 41. Qc4 f4 (41... h6) (41... Rd6) 42. Qg8+ (42. gxf4
gxf4 43. Kc2) 42... Kh6 43. Qh8 (43. gxf4 gxf4 44. Qd8) 43... Rf7 (43... Rf5)
44. Qg8 Rg7 (44... Rf6) 45. Qe6+ (45. Qc8 $11) 45... Rg6 46. Qe5 fxg3 47. Qxg3
g4 $11 {esto deaj escapar cualquier posibilidad,era mejor intentar avanzar el
otro peon} (47... Rf6) 48. c4 Kg7 49. Kc3 h5 50. Qe5+ Kg8 51. Qxh5 Rg7 52.
Qf5 g3 53. Qc8+ Kf7 54. Qf5+ Ke8 55. Qe5+ Kf8 56. Qf6+ Kg8 57. Qe6+ Rf7 (57...
Kf8 58. Qc8+ Ke7 59. Qc7+ Kf6 60. Qd6+ Kf5 61. Qd3+ Be4) 58. Qg6+ Kf8 59. Qd6+
(59. Qxg3 Rf3+) 59... Ke8 60. Qe6+ Kf8 61. Qd6+ Ke8 62. Qe6+ 1/2-1/2

[Event "I Torneo entre Faros"]
[Site "?"]
[Date "2013.10.10"]
[Round "6"]
[White "Cheparinov, Ivan"]
[Black "Bruzon, Lazaro"]
[Result "1/2-1/2"]
[WhiteElo "2672"]
[BlackElo "2685"]
[Annotator "MF Oscar de Prado"]
[PlyCount "77"]
[SourceDate "2010.01.11"]

1. d4 Nf6 2. c4 e6 3. Nf3 d5 4. g3 dxc4 5. Bg2 Nc6 (5... a6) 6. Qa4 Bb4+ 7. Bd2
Bd6 {se juega mas} (7... Nd5) 8. Ne5 {La alternativa es} (8. Qxc4 O-O 9. Bc3
Qe7 10. Ne5 Bxe5 11. dxe5 Nd5 12. O-O Rd8 13. Na3 Nxc3 14. Qxc3 Bd7 15. Nc2 Be8
16. b4 a5 17. a3 axb4 18. axb4 Rxa1 19. Rxa1 Rb8 20. Be4 f6 21. exf6 Qxf6 22.
Qc5 Rd8 23. Rb1 b6 24. Qc4 Nd4 25. Nxd4 Rxd4 26. Qc2 Bg6 27. Bxg6 Qxg6 28. Qxg6
hxg6 29. b5 Rd5 30. Rc1 Rxb5 31. Rxc7 Re5 32. e3 b5 33. Rb7 g5 34. g4 Re4 35.
h3 Re5 36. Kf1 Kh7 37. Ke2 Kg6 38. f3 Kf6 39. Kf2 Rc5 40. Kg3 {
Â1/2-Â1/2 (40) Anand,V (2770)-Kramnik,V (2790) Chess Classic Giants 1998}) (8.
O-O O-O 9. Bc3 Nd5 10. Qxc4 Nxc3 11. bxc3 Na5 12. Qd3 c5 13. Nbd2 cxd4 14. cxd4
Bd7 15. Ne4 Be7 16. h4 h6 17. Rac1 Bc6 18. Ne5 Bd5 19. Nc3 Bxg2 20. Kxg2 Rc8
21. Rfd1 Ba3 22. Rb1 Bd6 23. Nf3 Qe7 24. Ne4 Rfd8 25. Rb5 Nc6 26. g4 a6 27. Rb6
Bb8 28. e3 Ba7 29. Rbb1 Rc7 30. g5 Nb4 31. Qa3 Nd5 32. Qxe7 Rxe7 33. Rdc1 f6
34. Nc5 Bxc5 35. Rxc5 Kf7 36. Kg3 Red7 37. a4 Ne7 38. Kg4 Rc8 39. Rxc8 Nxc8 40.
Ne1 b6 41. Rc1 Ne7 42. f4 Nd5 43. e4 Rc7 44. Rxc7+ Nxc7 45. Nc2 Ne8 46. gxh6
gxh6 47. f5 exf5+ 48. Kxf5 Nd6+ 49. Kf4 b5 50. a5 Nc4 51. Nb4 Nxa5 52. Nxa6 h5
53. e5 fxe5+ 54. dxe5 Nc6 55. Kg5 Nxe5 56. Kxh5 Kf6 57. Nc7 b4 58. Nd5+ Kf5 59.
Nxb4 Ng6 60. Nd5 Nxh4 {
Â1/2-Â1/2 (60) Carlsen,M (2698)-Ponomariov,R (2703) Moscow RUS 2006}) 8... Bxe5
(8... O-O) (8... Bd7) 9. Bxc6+ (9. dxe5 Nd5 10. O-O (10. Qxc4)) 9... bxc6 10.
dxe5 Qd5 (10... Nd7 11. Bc3) 11. f3 Nd7 12. Nc3 Qc5 13. Ne4 (13. f4) 13... Qb5
14. Qa3 {Hasta aqui Cheparinov haba jugado al toque} c5 (14... a5 $5) (14...
Nxe5 15. Ba5 $14) 15. Ba5 Qc6 {los analisis de Cheparinov contemplaban el
final como un poco mejor para el blanco tras Ab7} (15... Bb7 16. Bxc7 Bxe4 17.
fxe4 Qb4+ 18. Qc3 f6 19. O-O Qxc3 20. bxc3 Rc8 21. Bd6 Rc6 22. Rfd1 fxe5 23.
Rab1 Rb6 24. Bc7 Ke7 25. Bxb6 axb6 26. Rb2 Ra8 27. Kg2 Ra3 28. Rc1 Kd6 29. Kf3
Kc6 30. e3 Nf6 31. Rd2 h5 32. h3 Nh7 33. h4 Nf6 34. Rb2 Kc7 35. Rcb1 Nd7 36. g4
hxg4+ 37. Kxg4 Rxc3 38. Kf3 Kc6 39. Rg1 b5 40. Rd2 Nb6 41. Rxg7 Rc1 42. Rgg2 b4
43. h5 c3 44. Rc2 Rf1+ 45. Rcf2 Rd1 46. h6 Rd8 47. h7 Rh8 48. Rh2 c4 49. Ke2 b3
50. axb3 cxb3 51. Rf1 Kc5 52. Rg1 b2 53. Kf3 Kb4 54. Kg4 Kb3 55. Kg5 c2 56.
Rxc2 Kxc2 57. Rg2+ Kc3 {
0-1 (57) Ouerk,Y (2248)-Favarel,A (2347) Condom FRA 2013}) 16. Qe3 $5 (16. Rc1
$1 $14 O-O (16... Ba6 17. Bxc7 $14) 17. Rxc4 Ba6 18. Rc2 c4 19. Bc3) 16... O-O
(16... h6) 17. Bc3 Bb7 18. Kf2 (18. h4) 18... Rad8 19. Qg5 (19. h4 $1 $40)
19... h6 20. Qg4 (20. Qh4) 20... Kh8 21. Qh4 Qa4 22. Nf6 $5 Qc2 $2 (22... Nb6
23. Rhg1 Qb5 24. g4 Rd4 $1 $13 25. Bxd4 (25. Rac1) 25... cxd4 26. g5 Qxe5 27.
Ne4 (27. gxh6 gxf6)) 23. Rac1 (23. Nxd7 Rxd7 24. Qxc4 $16) 23... Qg6 24. Nxd7
Rxd7 25. Qxc4 $16 Rfd8 (25... Rd5 26. e4 $18) 26. Qxc5 Qf5 27. Qe3 $6 (27. Qxa7
$18) (27. g4 $18) 27... Qh3 28. Qxa7 (28. Ba5 $18) 28... Bd5 29. a3 (29. Qa4
$18) 29... g5 30. Qe3 $2 {esta jugada pierde toda la ventaja} (30. Qa4 $16)
30... g4 $11 31. Qf4 gxf3 32. exf3 Bb7 33. Qh4 Qxh4 34. gxh4 Rd3 35. Rhf1 Rg8
$6 (35... Rxf3+ 36. Ke1 Re3+ 37. Kf2 Rf3+ $11) 36. Ke2 $6 (36. Rg1 Rxf3+ 37.
Ke2 Rxg1 38. Rxg1 Rh3 $11) (36. Bb4 Rxf3+ 37. Ke1 Re3+ 38. Kd2 Rh3 39. Rxc7
Rxh2+ 40. Ke3 $14) (36. Ba5) (36. Rcd1 Rxf3+ 37. Ke1 Re3+ 38. Kd2 $14) 36...
Ba6 37. Kf2 Bb7 38. Ke2 $6 Ba6 39. Kf2 1/2-1/2

[Event "I Torneo entre Faros"]
[Site "?"]
[Date "2013.10.10"]
[Round "6"]
[White "Granda, Julio"]
[Black "Rapport, Richard"]
[Result "1/2-1/2"]
[WhiteElo "2665"]
[BlackElo "2676"]
[Annotator "MF Oscar de Prado"]
[PlyCount "75"]
[SourceDate "2010.01.11"]

1. c4 c5 2. g3 Nc6 3. Bg2 g5 $5 {Estilo hiperagresivo de Rapport que trata de
provocar a Granda desde la apertura.} 4. Nc3 (4. Nf3) 4... d6 5. d3 h6 6. e4 (
6. e3 Bg7 7. Nge2 Nf6) (6. h4 $5) 6... Bg7 7. f4 $6 (7. Nge2) 7... gxf4 8. Bxf4
(8. gxf4 $15) 8... h5 (8... Nf6) 9. Nf3 Bg4 10. h3 Bxf3 11. Qxf3 Nf6 12. O-O (
12. O-O-O) 12... Nd7 $1 {
jugada al toque y tratando de confundir a Granda al regalar el peon de d6.} 13.
Rad1 $6 (13. Bxd6 Bd4+ 14. Kh1 f6 15. Bf4 Nde5 16. Qe2 Bxc3 17. bxc3 Qxd3 $15)
(13. Rab1) 13... Nde5 (13... Bd4+ $1 14. Kh1 Nde5 $15) 14. Qf2 Qd7 15. Ne2 (15.
a3) (15. Nd5) 15... O-O-O 16. a3 Ng6 (16... Kb8 $15) 17. b4 $2 (17. Bc1 $11)
17... Nxf4 18. gxf4 (18. Qxf4 Nd4 19. Nxd4 Bxd4+ 20. Kh1 f6 $17) 18... Nd4 (
18... Bd4 $1 19. Nxd4 Nxd4 $17) 19. bxc5 Nxe2+ 20. Qxe2 Bd4+ 21. Kh1 Rdg8 $1 {
Rapport entrega pe'on por ataque por columna g y gracias a su fuerte alfil de
d4.} 22. e5 (22. cxd6 exd6 $44) 22... dxe5 23. fxe5 (23. Rb1 Rg3 24. Bxb7+ Kc7
25. Bg2 Rxh3+ 26. Bxh3 Qxh3+ 27. Qh2 Qxh2+ 28. Kxh2 exf4 $44) 23... Rg3 24. Rf3
Rg5 25. Qf1 Rhg8 (25... f6 $1) 26. Rd2 Qe6 (26... f6) (26... f5) 27. Re2 (27.
Rxf7 Rxe5 $13 (27... Rxg2 28. Rf8+ Kc7 29. Rxg2 Qxh3+ 30. Rh2 Qxd3 31. Rg2 Qh3+
32. Rh2 Qd3 33. Rg2 $11 {[%eval 9,11]})) 27... R8g7 28. h4 $2 (28. Rf4 Bxe5 (
28... Rxg2 29. Rxg2 Qxh3+ 30. Rh2 Qxd3 31. Rg2 Qh3+ 32. Rh2 Qd3 33. Rg2 $11)
29. Rf3 f6 $15) 28... Rg4 $19 29. Rf4 Rxg2 $4 (29... Rxf4 30. Qxf4 Rg4 31. Qh2
Qf5 32. Re4 Bxc5 $19 33. Rxg4 hxg4) 30. Rxg2 Qh3+ 31. Rh2 Qxd3 32. Rg2 $11 (32.
Qxd3 $4 Rg1#) 32... Qh3+ 33. Rh2 Qd3 34. Rg2 Qh3+ 35. Rh2 Qc3 36. Rg2 Qh3+ {
Rapport se conforma con las tablas ya que no vio claro el final tras} (36...
Rxg2 37. Kxg2 Bxe5 38. Rf3 Qc2+ 39. Qf2 Qe4 $13) 37. Rh2 Qd3 38. Rg2 1/2-1/2

[Event "I Torneo entre Faros"]
[Site "?"]
[Date "2013.10.09"]
[Round "5"]
[White "Cheparinov, Ivan"]
[Black "Rapport, Richard"]
[Result "0-1"]
[WhiteElo "2672"]
[BlackElo "2676"]
[Annotator "MF Oscar de Prado"]
[PlyCount "148"]
[SourceDate "2010.01.11"]

1. e4 e6 2. d4 d5 3. Nc3 Bb4 4. exd5 exd5 5. Bd3 c6 6. Nge2 Ne7 7. O-O O-O 8.
Ng3 Ng6 {
Rapport ha trabajado su partida ante Salgado y elige esta jugada que es mejor}
(8... Nd7 9. Bg5 f6 {fue la partida Salgado-Rapport de la ronda 2}) 9. Qh5 {
esto es lo mas utlizado pero no parece lo mejor} (9. f4 $5) 9... Nd7 10. Bg5 (
10. h3) (10. Nf5) 10... Nf6 (10... Be7) 11. Qf3 Be7 12. Nf5 Bxf5 13. Qxf5 {
Las blancas gastaron en esta partida muchos tiempos con la dama} Ne8 (13... Re8
14. Rae1 Qb6 15. Ne2 Qxb2 16. Rb1 Qa3 17. Rxb7 Qxa2 18. Nc1 Qa5 19. Nb3 Qd8 20.
Ra1 a5 21. Ra4 h6 22. Bd2 Bb4 23. Bxb4 axb4 24. Rbxb4 Re1+ 25. Bf1 Rxa4 26.
Rxa4 Qe8 27. Ra1 Rxa1 28. Nxa1 Qe1 29. Nb3 Ne4 30. h3 h5 31. Qf3 Qb1 32. Qe2
Nf4 33. Qe3 Ne6 34. Qe2 h4 35. Qd3 g6 36. Nd2 Nxd2 37. Qxd2 Qb2 38. Qd3 Qxd4
39. Qxd4 Nxd4 40. c4 Kg7 41. cxd5 cxd5 42. g3 Kf6 43. gxh4 Nf3+ 44. Kg2 Nxh4+
45. Kg3 Nf5+ 46. Kf4 Ng7 47. Ke3 Ke5 {
1/2-1/2 (47) Simons,J (2342)-Blau,D (2426) ICCF Email 2001}) 14. Be3 Nd6 15.
Qh5 Re8 16. b3 $5 {extrano plan podra ser normal a4-b4-Tb1 y b5 pensamos
que era para evitar algÃ_|n Cc4 o prever un Db6} (16. Rab1) (16. Ne2) (16. a4)
16... Bf6 17. a4 (17. Ne2) 17... Nf8 18. a5 {
este plan de Cheparinov no lo entendiamos muy bien en la sala de prensa} g6 19.
Qg4 Ne6 20. Ne2 Bg5 21. Bxg5 Nxg5 22. Qf4 {Como dije muchos movimientos de dama
} Ne6 (22... Nge4) 23. Qg3 Ng5 24. Qf4 {Cheparinov parece que esta de acuerdo
en repetir ya que no tiene ninguna ventaja pero Rapport decide seguir jugando
con buen criterio} Nde4 (24... a6) (24... Rc8) 25. f3 Ne6 26. Qe3 Nd6 27. Qd2 {
Mas movimientos de dama} Qh4 28. c3 (28. Qb4 c5) (28. g3 Qf6 $15) 28... Re7
29. Rae1 Rae8 {Las negras tienen sus piezas mejor colocadas y mas activas} 30.
Nc1 b6 $1 {Rapport demuestra en esta partida un buen estilo posicional jugando
en ambos flancos sin precipitarse en un ataque al rey enemigo} 31. axb6 axb6
32. Bc2 c5 (32... Qf4) 33. dxc5 bxc5 34. Re5 Nc7 ({Parece mejor} 34... d4) 35.
Rxe7 Rxe7 36. Nd3 Ne6 37. Re1 Ra7 38. Bb1 Rb7 (38... d4 $1) 39. Bc2 $6 (39. b4)
39... d4 (39... c4 $1 $17) 40. cxd4 $2 {
la Ã_|ltima del control es mala, era mejor} (40. c4 $15) 40... Qxd4+ 41. Qf2
Nf5 $2 (41... Qc3 $17) 42. Nc1 Ra7 (42... Qf6 $15) 43. Bxf5 gxf5 44. Kf1 {
parece mejor cambiar damas} (44. Qxd4 Nxd4 45. Kf2 Ra1 46. Nd3 Ra2+ 47. Kg3
Nxb3 48. Nc1 $11 Nxc1 49. Rxc1) 44... Ra1 45. Qc2 (45. Qxd4) 45... Qf4 46. Qc3
Ra8 47. g3 (47. Kg1) 47... Qd4 48. Qc2 Qd5 49. Qc3 f4 50. Re5 Qd1+ 51. Re1 Qd5
52. Re5 Qd1+ 53. Re1 Qd4 54. Qxd4 Nxd4 55. gxf4 Ra1 {Las piezas negras son
mas activas y hay algunas amenazas molestas ademas el peon es solo
temporal} 56. Kf2 Kg7 57. Rd1 ({es mejor} 57. Nd3 Ra2+ 58. Kg3 Nxb3 59. Rb1 Nd2
60. Rc1 Ra3 61. Ne5 f6 62. Rd1 fxe5 63. Rxd2 e4 64. Rc2 $11 Rxf3+ 65. Kg4)
57... Rb1 58. b4 Rb2+ 59. Ke3 (59. Kg3 Nf5+ 60. Kh3 (60. Kg4 Ne3+) 60... c4 $17
) 59... Rxb4 60. Nd3 Nf5+ 61. Kd2 Rd4 62. Kc3 c4 63. Rg1+ Kf6 64. Nf2 $2 (64.
Nb4 $11 h5 (64... Rxf4 65. Nd5+) 65. Rg8) 64... Rxf4 $17 65. Ng4+ Ke6 66. Re1+
Kd5 67. Nf6+ (67. Re5+ Kc6 68. Kb4 Kd6 69. Re1 $17) 67... Kc6 68. Nxh7 Rxf3+
$19 69. Kb4 (69. Kxc4 Ne3+ $19) 69... Nd6 70. Ng5 Rb3+ 71. Ka4 Nb7 72. Ne4 f5
73. Rc1 fxe4 74. Rxc4+ Kd5 (74... Kd5 75. Kxb3 Na5+) 0-1

[Event "I Torneo entre Faros"]
[Site "?"]
[Date "2013.10.09"]
[Round "5"]
[White "Granda , Julio"]
[Black "Salgado , Ivan"]
[Result "1-0"]
[WhiteElo "2665"]
[BlackElo "2624"]
[Annotator "MF Oscar de Prado"]
[PlyCount "113"]
[SourceDate "2010.01.11"]

1. Nf3 c5 2. c4 Nf6 3. b3 {
jugada que molesto a Ivan porque le dificulta su linea habitual con g6} g6 {
Ivan comento que igual contra este orden podra valer jugar con f6} (3...
d5 4. cxd5 Nxd5 5. Bb2 f6 (5... Nc6)) 4. Bb2 Bg7 5. g3 O-O 6. Bg2 Nc6 7. O-O d5
(7... d6 {d6 es la linea normal pero Salgado no queria jugar un Maroczy tras d4
}) 8. cxd5 Nxd5 9. Bxg7 Kxg7 10. d4 (10. Qc2 b6) 10... cxd4 11. Nxd4 Ndb4 (
11... e5 $5) (11... Nxd4 12. Qxd4+ Nf6 13. Qe5 $14) 12. Nxc6 Nxc6 13. Bxc6 $1 {
Granda se encamina a un final ventajoso y no le importa deshacerse  de su
alfil de fiancheto a costa de debilitar la estructura de peonesnegra} bxc6 14.
Nc3 (14. Qc2) (14. Qc1) 14... c5 $6 {quizas es dÃ bil y era mejor jugar} (
14... Qa5 {y las negras estan mejor que en la partida}) 15. Rc1 (15. Qc2)
15... Be6 (15... Bh3 16. Re1 Rc8 17. Ne4 Qa5 18. Nxc5 Rfd8 19. Qc2 Rd2 20. Qc4
e5 $14) 16. Ne4 c4 {Salgado tiene que entregar el peon ppero a cambio
espera tener buen contrajuego} 17. bxc4 (17. Ng5) 17... Rc8 18. Nd2 {Esta jugad
a parece un poco pasiva sim embargo ambos jugadores estaban de acuerdo en que
era la mejor} (18. c5) (18. Qd3) 18... Qa5 (18... Qd4) 19. Qc2 Rfd8 20. Qb2+
Kg8 (20... f6) 21. Rc3 Qe5 (21... Rc6 {parece mejor y que las nehgras tienen
buena compensacion poruqe no es facil progresar para el blanco} 22. Qc2
Rdc8) 22. Nf3 Qf6 23. Qb4 Rb8 (23... a5 $5 24. Qxa5 (24. Qb3 Rd7 $44) 24... Ra8
25. Qe5 Qxe5 26. Nxe5 Rxa2 $11) 24. Qa3 Bh3 25. Re1 Rd6 $5 {Salgado decide
entregar un 2Â_| peon momentaneo para activarse y crear algunas amenzasas,
ademas Granda empezo a pensar mucho en sus proximas jugadas} (25... Rb7)
26. Qxa7 Rb2 (26... Rdb6) 27. Re3 Ra6 (27... Rd7 28. Qa5 Qc6) 28. Qxe7 (28. Qc5
) 28... Qxe7 29. Rxe7 Rbxa2 30. Rb1 Rb6 31. Rd1 Rd6 32. Re1 h6 $6 (32... Rda6
33. Rb7 Rc2 34. Rb8+ (34. Ng5 Rxe2) 34... Kg7 35. Rb4 Be6 $14) 33. Re4 g5 $6 (
33... Rc2) 34. Rd4 (34. c5 $18) 34... Rda6 35. Rd2 (35. c5) 35... Rxd2 36. Nxd2
Ra2 37. Nb3 Rc2 38. Rc1 {con buen criterio Granda devuelve el peon de e2 y
se queda con el pasado de c} Rxe2 39. c5 Rb2 40. Nd4 Rb4 41. Nc6 Ra4 42. Ne5
Kf8 43. f3 Be6 44. c6 Ke7 45. c7 Ra8 46. f4 $6 (46. Nc6+ Kd6 47. Nb8 Bc8 48.
Rc6+ Kd5 49. g4 $16 (49. Rxh6 Ra1+ 50. Kf2 Rc1)) 46... gxf4 47. gxf4 Rc8 48.
Nc6+ (48. Kf2) 48... Kd7 49. Nb8+ Kd6 50. Na6 Bd7 $6 (50... Rg8+ 51. Kf2 Ra8 $1
52. Nb8 Bc8 53. Rc6+ Kd5 54. Rxh6 Ra2+ 55. Ke3 Ra3+ 56. Kd2 Ra2+ 57. Kc3 Ra4
$11) 51. Rb1 Rg8+ $6 (51... Kc6 52. Rb8 Be6 53. Kf2 $14) 52. Kf2 Bc8 $2 53.
Rd1+ Ke7 54. Nb8 $18 Bh3 55. Nc6+ Kf6 56. Rd6+ Kf5 (56... Be6 57. f5 Kxf5 58.
Ne7+ Ke5 59. Rxe6+ Kxe6 60. Nxg8 $18) 57. Ne7+ 1-0